Political theory: An introduction (Record no. 395161)

MARC details
000 -LEADER
fixed length control field 00525 a2200193 4500
005 - DATE & TIME
control field 20260130163214.0
008 - FIXED-LENGTH DATA ELEMENTS--GENERAL INFORMATION
fixed length control field 260129b |||||||| |||| 00| 0 eng d
020 ## - ISBN
International Standard Book Number 978936567510
Price Rs. 4695.00
040 ## - CATALOGING SOURCE
Original cataloging agency VIVEKANANDA LIBRARY
082 ## - DDC NUMBER
Classification number 320.5
Book Number J119P
100 ## - MAIN ENTRY--PERSONAL NAME
Personal name Jaiswal, Piyush Kumar
245 ## - TITLE STATEMENT
Title Political theory: An introduction
260 ## - PUBLICATION, DISTRIBUTION, ETC. (IMPRINT)
Name of publisher, distributor, etc Scientific Books International
Date of publication, distribution, etc 2026
Place of publication, distribution, etc New Delhi
300 ## - PHYSICAL DESCRIPTION
Pages 254
650 ## - Subject
Subject Political Science
650 ## - Subject
Subject Political Theory
650 ## - Subject
Subject Political Thoughts
942 ## - ADDED ENTRY ELEMENTS (KOHA)
Koha item type Books
Holdings
Withdrawn status Lost status Source of classification or shelving scheme Damaged status Not for loan Location (home branch) Sublocation or collection (holding branch) Shelving location Date acquired Koha issues (times borrowed) Koha full call number Accession No. Koha date last seen Koha item type
    Dewey Decimal Classification     VIVEKANANDA LIBRARY VIVEKANANDA LIBRARY Vivekananda Library 07/01/2026   320.5 J119P 443958 07/01/2026 Books
© Designed and Maintained by Vivekananda Library, MDU Rohtak